[Event "ITA-ch Seniors 50 44th"]
[Site "Macerata"]
[Date "2022.09.29"]
[Round "6"]
[White "Burgassi, Daniele"]
[Black "Navarra, Stefano"]
[Result "1/2-1/2"]
[WhiteElo "1688"]
[BlackElo "1401"]
[PlyCount "64"]
[EventDate "2022.09.25"]
[EventType "swiss"]
[EventRounds "9"]
[EventCountry "ITA"]
[SourceTitle "EXT 2024"]
[Source "ChessBase"]
[SourceDate "2023.10.10"]
[SourceVersion "1"]
[SourceVersionDate "2023.10.10"]
[SourceQuality "1"]

1. e4 c6 2. d4 d5 3. exd5 cxd5 4. c4 Nf6 5. Nc3 Bf5 6. Nf3 e6 7. c5 a6 8. Qb3 Qc8 9. h3 Be7 10. Na4 Nbd7 11. Bf4 0-0 12. Rc1 h6 13. Ne5 Bd8 14. Nb6 Bxb6 15. cxb6 Qb8 16. Ng6 e5 17. Nxf8 exf4 18. Nxd7 Nxd7 19. Kd2 Qd6 20. Bd3 Bxd3 21. Qxd3 Qb4+ 22. Qc3 Qxb6 23. Rhe1 Nf6 24. f3 Qd6 25. Qc5 Qd7 26. Re7 Qa4 27. Rxb7 Qxa2 28. Qb6 Qa4 29. Rcc7 Qe8 30. Rxf7 Qe3+ 31. Kc2 Qe2+ 32. Kb1 Qd1+ 1/2-1/2

[Event "ITA-ch Seniors 50 44th"]
[Site "Macerata"]
[Date "2022.09.28"]
[Round "5"]
[White "Pagano, Sergio1111"]
[Black "Burgassi, Daniele"]
[Result "1-0"]
[WhiteElo "1940"]
[BlackElo "1688"]
[PlyCount "87"]
[EventDate "2022.09.25"]
[EventType "swiss"]
[EventRounds "9"]
[EventCountry "ITA"]
[SourceTitle "EXT 2024"]
[Source "ChessBase"]
[SourceDate "2023.10.10"]
[SourceVersion "1"]
[SourceVersionDate "2023.10.10"]
[SourceQuality "1"]

1. d4 Nf6 2. c4 c5 3. d5 b5 4. cxb5 a6 5. bxa6 Bxa6 6. f3 d6 7. e4 Bxf1 8. Kxf1 g6 9. Bd2 Bg7 10. Bc3 Nbd7 11. g3 0-0 12. Kg2 Ra6 13. Qc2 Qa8 14. b3 e6 15. dxe6 fxe6 16. Nd2 d5 17. Nh3 d4 18. Bb2 Bh6 19. Nc4 e5 20. a4 Bg7 21. Rhf1 Ne8 22. Nf2 Raf6 23. Ng4 R6f7 24. Bc1 Nc7 25. Bh6 Na6 26. Bxg7 Kxg7 27. Ngxe5 Nb4 28. Qd2 Nxe5 29. Nxe5 Rb7 30. Nd3 Na6 31. Nxc5 Nxc5 32. Qxd4+ Kh6 33. Qxc5 Rxb3 34. Qd5 Qb8 35. Qd2+ Kg7 36. Ra2 Rf7 37. a5 Ra7 38. Rf2 Rb5 39. Qd4+ Kh6 40. Rfb2 Raxa5 41. Rxa5 Rxb2+ 42. Kh3 Qc8+ 43. g4 Qc2 44. Rh5+ 1-0

[Event "ITA-ch Seniors 50 44th"]
[Site "Macerata"]
[Date "2022.09.27"]
[Round "4"]
[White "Garofalo, Simone"]
[Black "Burgassi, Daniele"]
[Result "1-0"]
[WhiteElo "2073"]
[BlackElo "1688"]
[PlyCount "49"]
[EventDate "2022.09.25"]
[EventType "swiss"]
[EventRounds "9"]
[EventCountry "ITA"]
[SourceTitle "EXT 2024"]
[Source "ChessBase"]
[SourceDate "2023.10.10"]
[SourceVersion "1"]
[SourceVersionDate "2023.10.10"]
[SourceQuality "1"]

1. Nf3 c5 2. e4 Nc6 3. Bb5 g6 4. 0-0 Bg7 5. c3 Nf6 6. Re1 0-0 7. d4 d5 8. e5 Ne4 9. h3 Qb6 10. Bxc6 bxc6 11. Nbd2 Nxd2 12. Qxd2 Be6 13. b3 cxd4 14. cxd4 Qa6 15. Qg5 Rfe8 16. Qh4 f6 17. Bh6 Qd3 18. Re3 Qf5 19. Bxg7 Kxg7 20. Rae1 Bg8 21. exf6+ Qxf6 22. Rxe7+ Rxe7 23. Rxe7+ Bf7 24. Qxf6+ Kxf6 25. Rc7 1-0

[Event "Pescia op-A 4th"]
[Site "Pescia"]
[Date "2011.09.16"]
[Round "1"]
[White "Burgassi, Daniele"]
[Black "Efimov, Igor"]
[Result "0-1"]
[WhiteElo "1853"]
[BlackElo "2430"]
[PlyCount "60"]
[EventDate "2011.09.16"]
[EventType "swiss"]
[EventRounds "5"]
[EventCountry "ITA"]
[SourceTitle "EXT 2015"]
[Source "ChessBase"]
[SourceDate "2014.11.20"]
[SourceVersion "1"]
[SourceVersionDate "2014.11.20"]
[SourceQuality "1"]

1. e4 c5 2. Nc3 a6 3. a4 e6 4. f4 d5 5. Nf3 Nc6 6. d3 Rb8 7. e5 Nh6 8. Be2 b5 9. axb5 axb5 10. b3 Be7 11. 0-0 0-0 12. Bd2 f6 13. Kh1 Nf7 14. Qe1 Nd4 15. Nxd4 cxd4 16. exf6 gxf6 17. Na2 Qc7 18. Nb4 Nd6 19. f5 Nxf5 20. Rxf5 exf5 21. Nxd5 Qe5 22. Nxe7+ Qxe7 23. Qg3+ Kh8 24. Qxb8 Qxe2 25. Qd6 Kg8 26. Bb4 Re8 27. Qxf6 Qe3 28. h3 Bb7 29. Kh2 Qf4+ 30. Kh1 Qg3 0-1